[Event "4NCL Online Division 3"]
[Site "online"]
[Date "2020.04.07"]
[Round "1.142"]
[White "Thompson, Peter"]
[Black "Jones, Ian Robert"]
[Result "0-1"]
[WhiteElo "1900"]
[BlackElo "1944"]
[PlyCount "66"]
[EventDate "2020.04.07"]
[WhiteTeam "Preston South End"]
[BlackTeam "The Full Ponty"]

1. e4 e5 2. f4 d5 3. exd5 exf4 4. Nf3 Nf6 5. Bc4 Nxd5 6. Nc3 Be6 7. Qe2 Be7 8.
Nxd5 Bxd5 9. Bxd5 Qxd5 10. O-O Nc6 11. d4 Nxd4 12. Nxd4 Qxd4+ 13. Kh1 g5 14.
Re1 Qd6 15. b3 O-O-O 16. Bb2 Rhe8 17. Rad1 Qc6 18. Rxd8+ Kxd8 19. Qg4 Qg6 20.
Qe2 Qe6 21. Qf1 Qf5 22. Qe2 g4 23. Ba3 Qd7 24. Rd1 Bd6 25. Qf2 Qe6 26. Bxd6
cxd6 27. Kg1 Qe3 28. Rxd6+ Kc7 29. Rf6 Qc1+ 30. Qf1 Re1 31. Rxf7+ Kd8 32. Rxf4
Rxf1+ 33. Rxf1 Qxc2 0-1

[Event "4NCL Online Division 3"]
[Site "online"]
[Date "2020.04.07"]
[Round "1.143"]
[White "Adams, Mark"]
[Black "Quinn, Kenny"]
[Result "1-0"]
[WhiteElo "1944"]
[BlackElo "1825"]
[PlyCount "53"]
[EventDate "2020.04.07"]
[WhiteTeam "The Full Ponty"]
[BlackTeam "Preston South End"]

1. e4 c5 2. Nf3 d6 3. d4 cxd4 4. Nxd4 Nf6 5. f3 a6 6. c4 g6 7. Nc3 Bg7 8. Be3
O-O 9. Qd2 Re8 10. Be2 Nbd7 11. O-O Nc5 12. Rfd1 Ne6 13. Nc2 Bd7 14. Rac1 Qa5
15. b4 Qc7 16. f4 Rad8 17. f5 Nf8 18. Nd4 Qb8 19. Bh6 Bc8 20. Bxg7 Kxg7 21. Kh1
N8d7 22. g4 Ne5 23. g5 Nfg4 24. Qf4 h5 25. h3 Rh8 26. Kg2 Nxc4 27. hxg4 1-0

[Event "4NCL Online Division 3"]
[Site "online"]
[Date "2020.04.07"]
[Round "1.144"]
[White "Pennington, Geoffrey"]
[Black "Goldrick, Thomas G"]
[Result "1-0"]
[WhiteElo "1742"]
[BlackElo "1879"]
[PlyCount "95"]
[EventDate "2020.04.07"]
[WhiteTeam "Preston South End"]
[BlackTeam "The Full Ponty"]

1. e4 c5 2. b4 cxb4 3. a3 e6 4. axb4 Bxb4 5. c3 Be7 6. d4 d5 7. e5 Nc6 8. Bd3
f5 9. exf6 Nxf6 10. Nf3 O-O 11. O-O Bd7 12. Na3 a6 13. c4 Bd6 14. c5 Bc7 15.
Re1 Qe8 16. Nc2 Qh5 17. h3 Rae8 18. Be2 Qf7 19. Rb1 Bc8 20. Bd3 e5 21. dxe5
Nxe5 22. Ba3 Nc6 23. Ne3 Kh8 24. Qc2 Rd8 25. Nf5 Ne4 26. Nd6 Nxd6 27. cxd6 Bxd6
28. Bxd6 Rxd6 29. Ng5 Qh5 30. Nxh7 Rfd8 31. Re3 d4 32. Rg3 Ne5 33. Rg5 Nf3+ 34.
gxf3 Qxh3 35. Rg3 Qh4 36. Ng5 Rf8 37. Kg2 Rh6 38. Kf1 Qh2 39. Ke2 Re8+ 40. Be4
Qxg3 41. fxg3 Rh2+ 42. Kd3 Rxc2 43. Kxc2 b5 44. Rh1+ Kg8 45. Bd5+ Kf8 46. Rh8+
Ke7 47. Rxe8+ Kxe8 48. Kd3 1-0

[Event "4NCL Online Division 3"]
[Site "online"]
[Date "2020.04.07"]
[Round "1.151"]
[White "Stubbs, Oliver"]
[Black "Tymms, Jonathan DM"]
[Result "1-0"]
[WhiteElo "2050"]
[BlackElo "1937"]
[PlyCount "59"]
[EventDate "2020.04.07"]
[WhiteTeam "The Rook1Es"]
[BlackTeam "Wimbledon 2"]

1. d4 Nf6 2. Nf3 e6 3. Bf4 c5 4. e3 Nc6 5. Nbd2 d5 6. c3 Be7 7. Bd3 O-O 8. Ne5
cxd4 9. exd4 Qb6 10. Rb1 Rd8 11. O-O Bf8 12. Qf3 Ne7 13. Bg5 Nf5 14. g4 Nxd4
15. cxd4 Qxd4 16. Bxf6 gxf6 17. Qxf6 Rd7 18. Ndf3 Bg7 19. Bxh7+ Kxh7 20. Qh4+
Kg8 21. Nxd4 Bxe5 22. Nf3 Bg7 23. Qg5 b6 24. h4 Ba6 25. Rfe1 Bd3 26. Rbd1 Bh7
27. h5 f6 28. Qe3 e5 29. Qb3 Rad8 30. Nh4 1-0

[Event "4NCL Online Division 3"]
[Site "online"]
[Date "2020.04.07"]
[Round "1.152"]
[White "Carpenter, Stephen C D"]
[Black "Walker, Max"]
[Result "0-1"]
[WhiteElo "1907"]
[BlackElo "1945"]
[PlyCount "108"]
[EventDate "2020.04.07"]
[WhiteTeam "Wimbledon 2"]
[BlackTeam "The Rook1Es"]

1. d4 d5 2. Nf3 Nf6 3. Bf4 c5 4. e3 Qb6 5. b3 Nc6 6. Be2 cxd4 7. exd4 Bf5 8. c3
e6 9. O-O Ne4 10. Nfd2 Nxc3 11. Nxc3 Qxd4 12. Nxd5 Qxd5 13. Bf3 Qd7 14. Rc1 Ba3
15. Bxc6 bxc6 16. Rc3 O-O 17. Nc4 Qxd1 18. Rxd1 Rfd8 19. Rxd8+ Rxd8 20. h3 Bb4
21. Rc1 Be4 22. Ne5 Bd6 23. g3 Bxe5 24. Bxe5 f6 25. Bc3 e5 26. Bb4 Bd5 27. Bc5
Rd7 28. Kf1 Kf7 29. Ke2 Ke6 30. Ke3 f5 31. h4 h6 32. f4 Rb7 33. fxe5 Kxe5 34.
Bd4+ Ke6 35. Rc5 g5 36. hxg5 hxg5 37. Ra5 Rf7 38. Rxa7 f4+ 39. gxf4 gxf4+ 40.
Kf2 Rf5 41. Rg7 Rh5 42. Rg6+ Kf5 43. Rf6+ Ke4 44. Bc5 Rh2+ 45. Kg1 Rxa2 46. Bd6
f3 47. Rf4+ Ke3 48. Rf6 Bxb3 49. Bc5+ Ke4 50. Rxc6 Rg2+ 51. Kf1 Bc4+ 52. Ke1
Re2+ 53. Kf1 Kd5 54. Rc7 Re7+ 0-1

[Event "4NCL Online Division 3"]
[Site "online"]
[Date "2020.04.07"]
[Round "1.153"]
[White "Gao, Ian"]
[Black "Silva Peña, Ángel David"]
[Result "1-0"]
[WhiteElo "1907"]
[BlackElo "1862"]
[PlyCount "63"]
[EventDate "2020.04.07"]
[WhiteTeam "The Rook1Es"]
[BlackTeam "Wimbledon 2"]

1. Nf3 Nf6 2. g3 e6 3. Bg2 d5 4. O-O Be7 5. d4 O-O 6. c4 dxc4 7. Bf4 a6 8. Nbd2
Nd5 9. Nxc4 Nxf4 10. gxf4 c5 11. a4 Nc6 12. dxc5 Bxc5 13. e3 Qc7 14. Qb3 b6 15.
Rfc1 Rb8 16. Qc3 Bb7 17. a5 Rbc8 18. axb6 Bxb6 19. Qa3 Na7 20. Nfe5 Nb5 21. Qa4
Bxg2 22. Kxg2 Qb7+ 23. Kg1 f6 24. Qxa6 Qxa6 25. Rxa6 Bxe3 26. fxe3 fxe5 27.
fxe5 Kf7 28. Ra5 Nc7 29. Nd6+ Ke7 30. Nxc8+ Rxc8 31. Rac5 Kd7 32. b4 1-0

[Event "4NCL Online Division 3"]
[Site "online"]
[Date "2020.04.07"]
[Round "1.154"]
[White "Hernandez, Federico"]
[Black "Saunders, Aron"]
[Result "1-0"]
[WhiteElo "1795"]
[BlackElo "1847"]
[PlyCount "81"]
[EventDate "2020.04.07"]
[WhiteTeam "Wimbledon 2"]
[BlackTeam "The Rook1Es"]

1. e4 c6 2. d4 d5 3. exd5 cxd5 4. c4 Nf6 5. Nc3 Nc6 6. c5 Bf5 7. Bf4 a6 8. Nf3
e6 9. Qb3 Qc8 10. Na4 Nd7 11. Be2 Be7 12. O-O O-O 13. Rfd1 Bd8 14. Rac1 Bc7 15.
Bxc7 Qxc7 16. Nh4 Bg6 17. Nxg6 hxg6 18. Rc3 Rad8 19. Rh3 Qf4 20. Rhd3 Rb8 21.
g3 Qg5 22. h4 Qf5 23. Re3 Rfd8 24. Kg2 Nf6 25. Nc3 Ne4 26. Rf3 Qh5 27. Rxf7
Kxf7 28. Bxh5 gxh5 29. Nxe4 dxe4 30. Qe3 g6 31. Qxe4 Nb4 32. Re1 Re8 33. a3 Nd5
34. Kh3 Kg7 35. f3 Rbd8 36. g4 Rf8 37. Kg3 Rde8 38. Qe5+ Nf6 39. g5 Re7 40.
gxf6+ Rxf6 41. d5 1-0

[Event "4NCL Online Division 3"]
[Site "online"]
[Date "2020.04.07"]
[Round "1.161"]
[White "Weatherlake, John P"]
[Black "Pigott, Darrell N"]
[Result "1/2-1/2"]
[WhiteElo "1890"]
[BlackElo "1900"]
[PlyCount "42"]
[EventDate "2020.04.07"]
[WhiteTeam "Wessex Some Stars B"]
[BlackTeam "Watford 2"]

1. Nc3 Nf6 2. e4 d6 3. d4 g6 4. Bf4 Nc6 5. Nf3 Bg4 6. Qd2 Bg7 7. O-O-O d5 8. e5
Ne4 9. Qe3 Nxc3 10. Qxc3 O-O 11. Be2 a6 12. h4 h5 13. Ng1 Bxe2 14. Nxe2 Qd7 15.
Qe3 Na5 16. b3 b5 17. f3 c5 18. Qc3 Nb7 19. dxc5 Rfc8 20. Be3 a5 21. Bd4 b4
1/2-1/2

[Event "4NCL Online Division 3"]
[Site "online"]
[Date "2020.04.07"]
[Round "1.162"]
[White "Sloan, Cecil"]
[Black "Adaway, William"]
[Result "1/2-1/2"]
[WhiteElo "1735"]
[BlackElo "1857"]
[PlyCount "55"]
[EventDate "2020.04.07"]
[WhiteTeam "Watford 2"]
[BlackTeam "Wessex Some Stars B"]

1. e4 c6 2. d4 d5 3. exd5 cxd5 4. Bd3 Nc6 5. c3 Nf6 6. Bf4 e6 7. Nf3 Bd6 8.
Bxd6 Qxd6 9. Nbd2 O-O 10. O-O e5 11. dxe5 Nxe5 12. Nxe5 Qxe5 13. Nf3 Qh5 14.
Be2 Re8 15. Nd4 Qe5 16. Re1 Bd7 17. Bf3 Qd6 18. Qd2 Ne4 19. Bxe4 dxe4 20. Rad1
Bg4 21. f3 exf3 22. Rxe8+ Rxe8 23. Nxf3 Qxd2 24. Rxd2 Bxf3 25. gxf3 Kf8 26. Rd7
Re7 27. Rd8+ Re8 28. Rd7 1/2-1/2

[Event "4NCL Online Division 3"]
[Site "online"]
[Date "2020.04.07"]
[Round "1.163"]
[White "Krawczuk, Michael J"]
[Black "Littlefair, Paul"]
[Result "1-0"]
[WhiteElo "1828"]
[BlackElo "1727"]
[PlyCount "49"]
[EventDate "2020.04.07"]
[WhiteTeam "Wessex Some Stars B"]
[BlackTeam "Watford 2"]

1. e4 e5 2. Nf3 Nc6 3. d4 exd4 4. Bc4 Nf6 5. O-O d6 6. Nxd4 Nxd4 7. Qxd4 h6 8.
Nc3 Be7 9. Be3 Be6 10. Rad1 O-O 11. e5 Nd7 12. f4 Bxc4 13. Qxc4 Qc8 14. Nd5 Bd8
15. exd6 cxd6 16. Qd3 Nc5 17. Qd2 Ne4 18. Qd4 Nc5 19. f5 Nd7 20. c3 Qc6 21. Qg4
Nf6 22. Nxf6+ Bxf6 23. Bxh6 Rad8 24. Bxg7 Kh7 25. Bxf6 1-0

[Event "4NCL Online Division 3"]
[Site "online"]
[Date "2020.04.07"]
[Round "1.164"]
[White "Shaw, David K"]
[Black "Pankaj Tomar"]
[Result "1/2-1/2"]
[WhiteElo "1690"]
[BlackElo "1525"]
[PlyCount "81"]
[EventDate "2020.04.07"]
[WhiteTeam "Watford 2"]
[BlackTeam "Wessex Some Stars B"]

1. d4 e6 2. Bf4 Nf6 3. Nf3 d5 4. e3 Be7 5. c3 O-O 6. Nbd2 c5 7. Bd3 a6 8. h3
Nc6 9. O-O b5 10. Ne5 Bb7 11. Qe2 c4 12. Bc2 Bd6 13. Nxc6 Bxc6 14. Bxd6 Qxd6
15. e4 dxe4 16. Nxe4 Nxe4 17. Bxe4 Bxe4 18. Qxe4 a5 19. Rad1 Qd5 20. Rfe1 Rad8
21. Qe5 Rd6 22. Qxd5 Rxd5 23. Re5 Rfd8 24. Rde1 Kf8 25. Rxd5 Rxd5 26. Re5 Ke7
27. Kf1 g5 28. Rxd5 exd5 29. Ke2 h5 30. g4 hxg4 31. hxg4 Ke6 32. Ke3 f5 33. f3
f4+ 34. Kd2 b4 35. a3 bxa3 36. bxa3 a4 37. Ke2 Kd6 38. Kd2 Ke6 39. Ke2 Kd6 40.
Kd2 Ke6 41. Ke2 1/2-1/2

[Event "4NCL Online Division 3"]
[Site "online"]
[Date "2020.06.09"]
[Round "10.11"]
[White "Waterfield, John W"]
[Black "Pigott, Darrell N"]
[Result "1-0"]
[WhiteElo "1943"]
[BlackElo "1900"]
[PlyCount "33"]
[EventDate "2020.06.09"]
[WhiteTeam "Abergavenny and Friends"]
[BlackTeam "Watford 2"]

1. e4 c5 2. c3 d5 3. exd5 Qxd5 4. d4 cxd4 5. cxd4 e5 6. Nc3 Qa5 7. Nf3 e4 8.
Ne5 Bb4 9. Qb3 Be6 10. Bc4 Qb6 11. d5 f6 12. Be3 Bc5 13. Bxc5 Qxc5 14. Qxb7 e3
15. O-O fxe5 16. dxe6 Ne7 17. Bb5+ 1-0

[Event "4NCL Online Division 3"]
[Site "online"]
[Date "2020.06.09"]
[Round "10.12"]
[White "Sloan, Cecil"]
[Black "Keene, Alan"]
[Result "1/2-1/2"]
[WhiteElo "1735"]
[BlackElo "1840"]
[PlyCount "115"]
[EventDate "2020.06.09"]
[WhiteTeam "Watford 2"]
[BlackTeam "Abergavenny and Friends"]

1. e4 c5 2. Nf3 d6 3. d4 cxd4 4. Nxd4 Nf6 5. Nc3 a6 6. Bc4 e5 7. Nf3 Be7 8. O-O
O-O 9. Bg5 Nbd7 10. Qe2 b5 11. Bb3 b4 12. Nd5 Nxd5 13. Bxd5 Rb8 14. Bxe7 Qxe7
15. Rfd1 Nf6 16. Qd3 Rd8 17. Nd2 Nh5 18. g3 Qg5 19. h4 Qg4 20. Qf3 Qxf3 21.
Nxf3 Bg4 22. Rd3 Nf6 23. Nh2 Be6 24. Bxe6 fxe6 25. Re1 Rbc8 26. Rd2 Rc4 27. f3
Kf7 28. Nf1 Ke7 29. Ne3 Rd4 30. Red1 Rxd2 31. Rxd2 Rc8 32. Kf2 Rc5 33. Rd3 g6
34. Rb3 a5 35. a3 bxa3 36. Rxa3 d5 37. exd5 exd5 38. c3 Ke6 39. b4 axb4 40.
cxb4 Rb5 41. Ra6+ Ke7 42. Ra7+ Nd7 43. Ra5 Rxa5 44. bxa5 Kd6 45. Ng4 Kc6 46.
Ke3 Kb5 47. f4 exf4+ 48. Kxf4 h5 49. Ne5 Nf6 50. Nxg6 Kxa5 51. Ke5 Ne4 52. Kxd5
Nxg3 53. Ke5 Ne2 54. Kf5 Kb5 55. Nf4 Ng1 56. Nxh5 Nf3 57. Kg4 Nxh4 58. Kxh4
1/2-1/2

[Event "4NCL Online Division 3"]
[Site "online"]
[Date "2020.06.09"]
[Round "10.13"]
[White "Rovaretti, David"]
[Black "Littlefair, Paul"]
[Result "1-0"]
[WhiteElo "1643"]
[BlackElo "1727"]
[PlyCount "147"]
[EventDate "2020.06.09"]
[WhiteTeam "Abergavenny and Friends"]
[BlackTeam "Watford 2"]

1. e4 e5 2. Nf3 Nc6 3. Bc4 Bc5 4. O-O Nf6 5. d4 exd4 6. c3 dxc3 7. e5 Ng4 8.
Qd5 Qe7 9. Nxc3 d6 10. Bg5 Be6 11. Qxe6 Qxe6 12. Bxe6 fxe6 13. exd6 cxd6 14.
Ne4 b6 15. h3 Nge5 16. Be3 Nxf3+ 17. gxf3 Ke7 18. Bg5+ Kd7 19. a3 a5 20. Rad1
h6 21. Be3 Ke7 22. Kg2 Rhd8 23. Bf4 e5 24. Bg3 Bd4 25. b3 d5 26. Nd2 g5 27. h4
Ke6 28. Rfe1 Rg8 29. hxg5 hxg5 30. Nf1 Rad8 31. Rc1 Rc8 32. Nh2 Bb2 33. Rc2
Bxa3 34. Rce2 Bb4 35. Rd1 Rge8 36. f4 gxf4 37. Bxf4 Kf5 38. Bg3 Rcd8 39. Nf3 e4
40. Nh4+ Ke6 41. f3 Kf6 42. fxe4 dxe4 43. Rf1+ Kg7 44. Nf5+ Kh7 45. Rh1+ Kg6
46. Nh4+ Kg5 47. Kh3 Nd4 48. Rg2 Kf6 49. Bc7 Rc8 50. Rf1+ Ke6 51. Rg6+ Kd7 52.
Bxb6 Rc3+ 53. Kg4 Nxb3 54. Nf5 Rd3 55. Rh1 Kc8 56. Rb1 e3 57. Rh1 e2 58. Bf2
e1=Q 59. Bxe1 Bxe1 60. Nd6+ Kd8 61. Nxe8 Re3 62. Nd6 Re8 63. Nxe8 Bb4 64. Nd6
Nc5 65. Rh7 Nd7 66. Nb5 Ne5+ 67. Kf5 Nxg6 68. Kxg6 Ke8 69. Kf5 Kd8 70. Ke6 Kc8
71. Kd5 Bd2 72. Kc6 Kd8 73. Rd7+ Ke8 74. Rxd2 1-0

[Event "4NCL Online Division 3"]
[Site "online"]
[Date "2020.06.09"]
[Round "10.14"]
[White "Shaw, David K"]
[Black "Morgans, Justin"]
[Result "1/2-1/2"]
[WhiteElo "1690"]
[BlackElo "1618"]
[PlyCount "114"]
[EventDate "2020.06.09"]
[WhiteTeam "Watford 2"]
[BlackTeam "Abergavenny and Friends"]

1. d4 f5 2. Bg5 g6 3. e3 Bg7 4. Bc4 Nf6 5. Nd2 d5 6. Bb3 O-O 7. Ngf3 c6 8. Ne5
Nbd7 9. Ndf3 Ng4 10. Nxd7 Bxd7 11. h3 Nf6 12. O-O Be6 13. Ne5 Ne4 14. Bf4 g5
15. Bh2 Qe8 16. f3 Nd6 17. Qe2 Qh5 18. Rae1 Rae8 19. a4 Bxe5 20. Bxe5 Qg6 21.
Ba2 h5 22. g4 fxg4 23. fxg4 hxg4 24. hxg4 Ne4 25. Qh2 Qh7 26. Qg2 Qh4 27. c3
Qxg4 28. Bb1 Qxg2+ 29. Kxg2 Rxf1 30. Rxf1 Nd2 31. Rg1 Nxb1 32. Rxb1 Kh7 33. Rg1
Kg6 34. Kg3 Rf8 35. b4 a6 36. a5 Rf7 37. Kg2 Rh7 38. Rh1 Rxh1 39. Kxh1 Kf5 40.
Kg2 Ke4 41. Bg3 Kxe3 42. Be1 Bf5 43. Kf1 e6 44. Bf2+ Kd3 45. Be1 g4 46. Kf2 Ke4
47. Ke2 e5 48. dxe5 Kxe5 49. Ke3 Be4 50. Bg3+ Ke6 51. Kf4 Bf3 52. Ke3 Kd7 53.
Kd4 Kc8 54. Kc5 Be4 55. Kd4 Bf3 56. Kc5 Be4 57. Kd4 Bf3 1/2-1/2

[Event "4NCL Online Division 3"]
[Site "online"]
[Date "2020.06.09"]
[Round "10.21"]
[White "Smith, Simon"]
[Black "Boardman, Jeffrey"]
[Result "1-0"]
[WhiteElo "1966"]
[BlackElo "1975"]
[PlyCount "94"]
[EventDate "2020.06.09"]
[WhiteTeam "Beverley Vikings"]
[BlackTeam "Railsport"]

1. d4 d5 2. c4 c6 3. Nf3 Nf6 4. Qc2 g6 5. Bf4 Bf5 6. Qb3 Qb6 7. c5 Qxb3 8. axb3
Bg7 9. Nc3 Nbd7 10. h3 O-O 11. e3 Ne4 12. b4 Rfe8 13. g4 Nxc3 14. gxf5 Ne4 15.
b5 gxf5 16. bxc6 bxc6 17. Rg1 Kf8 18. Nh4 e5 19. Nxf5 exf4 20. Rxg7 fxe3 21.
fxe3 Ndf6 22. Ra6 Rec8 23. Bd3 Rc7 24. b4 Rb8 25. b5 Rbc8 26. b6 axb6 27. cxb6
Rb7 28. Bxe4 dxe4 29. Nd6 Kxg7 30. Nxc8 Rb8 31. Nd6 Ne8 32. Nxe4 f5 33. Nc5 Nd6
34. Ra7+ Kg6 35. b7 Kg5 36. Ra8 Rxb7 37. Nxb7 Nxb7 38. Rc8 h5 39. Rxc6 Kh4 40.
d5 Kxh3 41. d6 Kg2 42. d7 h4 43. Rb6 Nd8 44. Rb8 h3 45. Rxd8 h2 46. Rh8 h1=Q+
47. Rxh1 Kxh1 1-0

[Event "4NCL Online Division 3"]
[Site "online"]
[Date "2020.06.09"]
[Round "10.22"]
[White "McGovern, Derek P"]
[Black "Turner, Tim M"]
[Result "1/2-1/2"]
[WhiteElo "1855"]
[BlackElo "1915"]
[PlyCount "53"]
[EventDate "2020.06.09"]
[WhiteTeam "Railsport"]
[BlackTeam "Beverley Vikings"]

1. e4 c5 2. c3 Nf6 3. e5 Nd5 4. d4 cxd4 5. cxd4 d6 6. Nf3 e6 7. Bc4 Nc6 8. exd6
Qxd6 9. O-O Be7 10. Nc3 Nxc3 11. bxc3 O-O 12. Qe2 Bd7 13. Bd3 Rae8 14. Rd1 Qc7
15. Bg5 f5 16. Bxe7 Rxe7 17. Rac1 Kh8 18. Re1 Qf4 19. Ne5 Nxe5 20. Qxe5 Qg5 21.
c4 Rfe8 22. f4 Qf6 23. Rc2 Qxe5 24. Rxe5 Kg8 25. Rce2 Kf7 26. Bc2 Bc6 27. Kf2
1/2-1/2

[Event "4NCL Online Division 3"]
[Site "online"]
[Date "2020.06.09"]
[Round "10.23"]
[White "Grice, Alec"]
[Black "Jones, H Trevor"]
[Result "1-0"]
[WhiteElo "1682"]
[BlackElo "1795"]
[PlyCount "53"]
[EventDate "2020.06.09"]
[WhiteTeam "Beverley Vikings"]
[BlackTeam "Railsport"]

1. e4 c6 2. d4 d5 3. e5 Bf5 4. h4 h6 5. g4 Bh7 6. Nf3 e6 7. Bg2 c5 8. c3 Nc6 9.
Be3 cxd4 10. cxd4 Bb4+ 11. Nbd2 Qb6 12. O-O Bxd2 13. Qxd2 Nge7 14. Rfd1 Be4 15.
g5 Nf5 16. g6 fxg6 17. Rac1 Bxf3 18. Bxf3 Nxh4 19. Bh1 Kd7 20. Qe2 Raf8 21. Qg4
g5 22. Bxd5 Nf5 23. Bxe6+ Ke7 24. Bxf5 Qb4 25. Bd7 Kd8 26. Bxc6 bxc6 27. Rxc6
1-0

[Event "4NCL Online Division 3"]
[Site "online"]
[Date "2020.06.09"]
[Round "10.24"]
[White "Broad, Michael J"]
[Black "Johnstone, J Gerry"]
[Result "1/2-1/2"]
[WhiteElo "1720"]
[BlackElo "1570"]
[PlyCount "51"]
[EventDate "2020.06.09"]
[WhiteTeam "Railsport"]
[BlackTeam "Beverley Vikings"]

1. d4 d5 2. c4 e6 3. Nc3 Be7 4. Nf3 Nf6 5. Bg5 h6 6. Bh4 O-O 7. e3 Ne4 8. Bxe7
Qxe7 9. Rc1 c6 10. Bd3 Nxc3 11. Rxc3 dxc4 12. Rxc4 Nd7 13. O-O c5 14. Bb1 cxd4
15. Qd3 Nf6 16. exd4 b6 17. Rc3 Bb7 18. Re1 Rfd8 19. h3 Rd6 20. Nh4 Qd7 21. Qg3
Rd8 22. Nf3 Nh5 23. Qg4 Nf6 24. Qg3 Nh5 25. Qg4 Nf6 26. Qg3 1/2-1/2

[Event "4NCL Online Division 3"]
[Site "online"]
[Date "2020.06.09"]
[Round "10.31"]
[White "Molostvov, Dmitry M"]
[Black "Samarasinghe Jude, Ranga"]
[Result "0-1"]
[WhiteElo "1720"]
[BlackElo "1924"]
[PlyCount "82"]
[EventDate "2020.06.09"]
[WhiteTeam "Brentwood"]
[BlackTeam "CSC 3"]

1. d4 e6 2. c4 f5 3. g3 Nf6 4. Bg2 d5 5. Bf4 Bd6 6. Bxd6 Qxd6 7. Nd2 O-O 8.
Ngf3 Nbd7 9. O-O c6 10. b3 Ne4 11. Nxe4 fxe4 12. c5 Qe7 13. Ne1 e5 14. e3 Qg5
15. Nc2 Nf6 16. f3 exf3 17. Bxf3 e4 18. Bg2 Bg4 19. Qd2 Qh5 20. Rf4 g5 21. Rf2
Bf3 22. Bxf3 exf3 23. Raf1 Ne4 24. Qd1 g4 25. Ne1 Nxf2 26. Rxf2 Rae8 27. Qd2
Qg5 28. Nc2 Re6 29. Rf1 Rfe8 30. Re1 Re4 31. Kf2 Qh6 32. Kg1 R8e6 33. b4 Qh3
34. a4 h5 35. Qf2 Rf6 36. b5 h4 37. gxh4 g3 38. hxg3 Rg4 39. Qh2 f2+ 40. Kh1
fxe1=Q+ 41. Nxe1 Rf1# 0-1

[Event "4NCL Online Division 3"]
[Site "online"]
[Date "2020.06.09"]
[Round "10.32"]
[White "Finn, Peter"]
[Black "Pert, Nina"]
[Result "1-0"]
[WhiteElo "1959"]
[BlackElo "1787"]
[PlyCount "135"]
[EventDate "2020.06.09"]
[WhiteTeam "CSC 3"]
[BlackTeam "Brentwood"]

1. d4 e6 2. e4 d5 3. Nc3 Nf6 4. e5 Nfd7 5. f4 c5 6. Nf3 Nc6 7. Be3 Be7 8. Qd2
O-O 9. dxc5 Nxc5 10. O-O-O Qa5 11. Kb1 Rd8 12. h4 Ne4 13. Nxe4 dxe4 14. Nd4
Qxd2 15. Rxd2 Bd7 16. Nb3 Nb4 17. c4 Ba4 18. Nd4 Bc5 19. b3 Bxd4 20. Bxd4 Nd3
21. Be3 Bc6 22. Be2 h6 23. Rhd1 a5 24. a4 Kf8 25. Ka1 Ke7 26. g3 f6 27. Bb6 Rd7
28. Bxd3 exd3 29. Rxd3 Rxd3 30. Rxd3 fxe5 31. fxe5 Kf7 32. Kb2 Kg6 33. g4 h5
34. gxh5+ Kxh5 35. Bd8 Kg4 36. Kc3 Kf4 37. Bc7 Rh8 38. Rd4+ Be4 39. Bxa5 Rxh4
40. Bc7 g5 41. Rd8 g4 42. Rf8+ Bf5 43. Rg8 g3 44. b4 Bg4 45. a5 g2 46. Bb6 Kxe5
47. b5 Kf4 48. a6 bxa6 49. bxa6 Rh3+ 50. Kd2 Ra3 51. a7 Bf3 52. Rf8+ Ke4 53.
a8=Q+ Rxa8 54. Rxa8 e5 55. Rg8 Kf4 56. Be3+ Kf5 57. Rf8+ Kg4 58. Rxf3 Kxf3 59.
c5 e4 60. c6 Kg3 61. c7 Kh2 62. c8=Q g1=Q 63. Bxg1+ Kxg1 64. Qf5 Kh1 65. Qg4
Kh2 66. Ke3 Kh1 67. Kf2 Kh2 68. Qg2# 1-0

[Event "4NCL Online Division 3"]
[Site "online"]
[Date "2020.06.09"]
[Round "10.33"]
[White "Pert, Max"]
[Black "Evans, Harry G"]
[Result "0-1"]
[WhiteElo "1697"]
[BlackElo "1915"]
[PlyCount "98"]
[EventDate "2020.06.09"]
[WhiteTeam "Brentwood"]
[BlackTeam "CSC 3"]

1. e4 e6 2. d4 d5 3. Nd2 c5 4. c3 Nc6 5. Ngf3 Nf6 6. e5 Nd7 7. Be2 cxd4 8. cxd4
Be7 9. O-O f6 10. exf6 Nxf6 11. Nb3 O-O 12. Be3 Ng4 13. h3 Nxe3 14. fxe3 Bd7
15. a3 Qb6 16. Rc1 Rad8 17. Qc2 e5 18. Qc3 e4 19. Nfd2 Qc7 20. Nc5 Bxh3 21.
Rxf8+ Rxf8 22. Nf1 Bc8 23. b4 Bh4 24. Qb3 Bf2+ 25. Kh1 Qd6 26. Nxe4 Qh6+ 27.
Nh2 Bxe3 28. Rd1 Nxd4 29. Qxd5+ Be6 30. Qh5 Nxe2 31. Qxe2 Bf4 32. g3 Bc7 33.
Rf1 Rxf1+ 34. Qxf1 Bd5 35. Qf5 Qc6 36. Qc8+ Kf7 37. Qf5+ Ke8 38. Qh5+ g6 39.
Qxh7 Bxe4+ 40. Kg1 Bb6+ 41. Kf1 Qc1+ 42. Ke2 Qe3+ 43. Kd1 Qg1+ 44. Kd2 Be3+ 45.
Kc3 Qc1+ 46. Kb3 Bd5+ 47. Ka4 Qc2+ 48. Ka5 Bb6+ 49. Kb5 Bc4# 0-1

[Event "4NCL Online Division 3"]
[Site "online"]
[Date "2020.06.09"]
[Round "10.34"]
[White "Kan, Toby"]
[Black "Hughes, Gavin James"]
[Result "1-0"]
[WhiteElo "1892"]
[BlackElo "1773"]
[PlyCount "129"]
[EventDate "2020.06.09"]
[WhiteTeam "CSC 3"]
[BlackTeam "Brentwood"]

1. e4 d6 2. d4 Nf6 3. Nc3 Nbd7 4. f4 e5 5. Nf3 exd4 6. Nxd4 Be7 7. Be2 O-O 8.
Bf3 c6 9. O-O Re8 10. Re1 Qc7 11. Be3 Bf8 12. Bf2 Nc5 13. h3 Ne6 14. Qd2 Nxd4
15. Bxd4 Nd7 16. a4 a5 17. Kh1 Nb6 18. b3 Be6 19. Rad1 Rad8 20. Qf2 Nc8 21. Qg3
f5 22. exf5 Bxf5 23. Ne4 Kh8 24. Qg5 Qf7 25. g4 Bxe4 26. Bxe4 d5 27. Bd3 Be7
28. Qh6 Kg8 29. Qxh7+ Kf8 30. Qh8+ Qg8 31. Bxg7+ Kf7 32. Qxg8+ Rxg8 33. Be5 Nd6
34. Bc3 b6 35. Kg2 c5 36. Be5 Rge8 37. Re2 c4 38. Bxd6 cxd3 39. Rxe7+ Rxe7 40.
Bxe7 dxc2 41. Rc1 Kxe7 42. Rxc2 Kd6 43. Kf3 Re8 44. Re2 Rc8 45. Re3 d4 46. Rd3
Kd5 47. f5 Ke5 48. h4 Rc1 49. h5 Rf1+ 50. Kg2 Rf4 51. Kg3 Rf1 52. Rf3 Rg1+ 53.
Kh4 Ke4 54. Rg3 Rxg3 55. Kxg3 Ke3 56. f6 d3 57. f7 d2 58. f8=Q d1=Q 59. Qe8+
Kd2 60. Qd8+ Kc1 61. Qxd1+ Kxd1 62. h6 Kc2 63. h7 Kxb3 64. h8=Q Kxa4 65. Qd4+
1-0

[Event "4NCL Online Division 3"]
[Site "online"]
[Date "2020.06.09"]
[Round "10.41"]
[White "Allen, John P"]
[Black "Thomson, Neil"]
[Result "1-0"]
[WhiteElo "1915"]
[BlackElo "1960"]
[PlyCount "77"]
[EventDate "2020.06.09"]
[WhiteTeam "Catford Cosmonauts 2"]
[BlackTeam "Four Horsemen"]

1. e4 g6 2. d4 Bg7 3. f4 d5 4. e5 c5 5. c3 cxd4 6. cxd4 Nc6 7. Nc3 Nh6 8. Be2
O-O 9. Nf3 Bg4 10. Be3 Nf5 11. Bf2 Bh6 12. Qd2 f6 13. h3 Bxf3 14. Bxf3 e6 15.
g4 Nfxd4 16. Bxd4 Bxf4 17. Qf2 fxe5 18. Bc5 Rf7 19. Rd1 Qa5 20. a3 e4 21. Bg2
Qc7 22. O-O Bh2+ 23. Kh1 Rxf2 24. Rxf2 Bg3 25. Rf6 Ne5 26. b4 Re8 27. Nb5 Qg7
28. g5 Nd7 29. Rdf1 Nxc5 30. bxc5 a6 31. Nd4 Qd7 32. Ne2 Be5 33. R6f2 Qc7 34.
h4 Qxc5 35. Bh3 Qe3 36. Bxe6+ Kh8 37. Rf8+ Rxf8 38. Rxf8+ Kg7 39. Rg8# 1-0

[Event "4NCL Online Division 3"]
[Site "online"]
[Date "2020.06.09"]
[Round "10.42"]
[White "Gillespie, David Paul"]
[Black "Turner, Howard"]
[Result "1-0"]
[WhiteElo "1862"]
[BlackElo "1885"]
[PlyCount "59"]
[EventDate "2020.06.09"]
[WhiteTeam "Four Horsemen"]
[BlackTeam "Catford Cosmonauts 2"]

1. d4 Nf6 2. Nf3 g6 3. Nc3 d5 4. Bf4 Nh5 5. Be5 f6 6. Bg3 Bh6 7. e3 O-O 8. Be2
c6 9. Qd2 Qe8 10. Na4 Nd7 11. c4 f5 12. cxd5 f4 13. exf4 Nxf4 14. Bxf4 Bxf4 15.
Qa5 b6 16. Qc3 cxd5 17. Qc6 Nf6 18. Qxa8 Qxa4 19. O-O Bg4 20. Qb7 Qb4 21. h3
Bc8 22. Qxa7 Qxb2 23. Qxe7 Ne4 24. Bd3 Bd6 25. Qh4 Rf4 26. Rab1 Qa3 27. Rb3
Qxa2 28. Qd8+ Rf8 29. Qxb6 Rxf3 30. Bxe4 1-0